000 00880cam a2200289 4500
008 090401t1998 xxu||||| |||| 00| 0 eng d
020 _a1898883122
035 _a(Sirsi) u89037
041 _aeng
050 _a692.2
100 _aLowe, Robert
245 _aTowards sustainable housing : building regulation for the 21st century.
260 _aLeeds
_bLeeds Metropolitan University
_c1998
300 _avi,49p. ; 30cm.
350 _a9.95
520 _aReport prepared for Joseph Rowntree Foundation.
650 _aBUILDING REGULATIONS PART L
650 _aBUILDING REGULATIONS
_96224
650 _aCARBON DIOXIDE EMISSIONS
650 _aENERGY EFFICENCY
650 _aSUSTAINABLE HOUSING
690 _aBUILDING AND CONSTRUCTION-REGULATIONS
700 _aBell, Malcolm
710 _aLeeds Metropolitan University.
_91677
942 _n0
948 _c15/10/1998
999 _c97413
_d97413